[Event "European Team Championship 2015"]
[Site "Reykjavik ISL"]
[Date "2015.11.13"]
[Round "1"]
[White "Yilmaz, Mustafa"]
[Black "Nepomniachtchi, Ian"]
[Result "1/2-1/2"]
[WhiteElo "2594"]
[BlackElo "2705"]
[PlyCount "89"]
[EventDate "2015.11.13"]
[WhiteTeam "Turkey"]
[BlackTeam "Russia"]

1. d4 Nf6 2. c4 g6 3. Nc3 d5 4. cxd5 Nxd5 5. e4 Nxc3 6. bxc3 Bg7 7. Nf3 c5 8.
Be3 Qa5 9. Qd2 Nd7 10. Bd3 O-O 11. O-O e5 12. d5 Nf6 13. c4 Qc7 14. Qb2 Ne8 15.
Bd2 Bg4 16. Ne1 Nd6 17. f3 Bd7 18. a4 f5 19. Nc2 Rae8 20. a5 Qd8 21. Qa3 b6 22.
axb6 axb6 23. Rab1 Qc7 24. Bc3 Rb8 25. Qa1 Rfe8 26. Rfe1 b5 27. cxb5 c4 28. Bf1
fxe4 29. fxe4 Ra8 30. Qb2 Nxb5 31. Ne3 Nd6 32. Bb4 Nxe4 33. Bxc4 Kh8 34. Qc2
Nf6 35. Bd3 Qd8 36. d6 Rc8 37. Qd2 Qb6 38. Kh1 Qd4 39. Ba5 Qxd6 40. Nc4 Qd4 41.
Bc3 Qf4 42. Bxe5 Qxd2 43. Nxd2 Ng4 44. Bxg7+ Kxg7 45. Kg1 1/2-1/2

[Event "European Team Championship 2015"]
[Site "Reykjavik ISL"]
[Date "2015.11.13"]
[Round "1"]
[White "Jakovenko, Dmitry"]
[Black "Can, Emre"]
[Result "1-0"]
[WhiteElo "2735"]
[BlackElo "2535"]
[PlyCount "137"]
[EventDate "2015.11.13"]
[WhiteTeam "Russia"]
[BlackTeam "Turkey"]

1. d4 d5 2. c4 e6 3. Nf3 c6 4. e3 Bd6 5. Nc3 f5 6. Ne5 Nf6 7. Be2 O-O 8. O-O b6
9. Rb1 Bb7 10. b4 Ne4 11. Nxe4 fxe4 12. f4 exf3 13. Nxf3 Nd7 14. c5 Bc7 15. e4
a5 16. Ng5 Rxf1+ 17. Qxf1 Qe7 18. Bg4 Nf8 19. bxa5 Ba6 20. Qe1 bxc5 21. exd5
cxd5 22. Bxe6+ Nxe6 23. Qxe6+ Qxe6 24. Nxe6 Bxa5 25. Nxc5 Bc4 26. Bf4 Rf8 27.
Bd6 Rf6 28. Be5 Rb6 29. Rxb6 Bxb6 30. a4 Kf7 31. Kf2 g5 32. g4 Ke7 33. Ke3 Bf1
34. Nb3 Bc4 35. Nd2 Ba6 36. Nf3 Bc8 37. h3 Bd7 38. Nxg5 h6 39. Nh7 Bxa4 40. Nf6
Ke6 41. Nh5 Kf7 42. Bg7 Kg6 43. Be5 Kg5 44. Nf4 Ba5 45. Nxd5 h5 46. Bf6+ Kg6
47. g5 Kf5 48. Ne7+ Ke6 49. d5+ Kf7 50. Nc6 Bc7 51. Kd4 h4 52. Kc5 Bg3 53. Nd8+
Kg6 54. Ne6 Kf7 55. Nd8+ Kg6 56. Nc6 Kf7 57. d6 Ke6 58. Nd4+ Kf7 59. Nf5 Be1
60. Ne7 Bd7 61. Be5 Bf2+ 62. Kd5 Be6+ 63. Ke4 Bxh3 64. g6+ Ke8 65. g7 Be6 66.
g8=Q+ Bxg8 67. Nxg8 Kf7 68. Nh6+ Ke6 69. Nf5 1-0

[Event "European Team Championship 2015"]
[Site "Reykjavik ISL"]
[Date "2015.11.13"]
[Round "1"]
[White "Marin, Mihail"]
[Black "Kryvoruchko, Yuriy"]
[Result "1/2-1/2"]
[WhiteElo "2589"]
[BlackElo "2717"]
[PlyCount "72"]
[EventDate "2015.11.13"]
[WhiteTeam "Romania"]
[BlackTeam "Ukraine"]

1. Nf3 Nf6 2. g3 d5 3. Bg2 e6 4. O-O Be7 5. c4 O-O 6. b3 b6 7. Bb2 Bb7 8. e3
Nbd7 9. Nc3 Ne4 10. cxd5 Nxc3 11. dxc3 Bxd5 12. c4 Bb7 13. Ne5 Nxe5 14. Bxb7
Rb8 15. Bxe5 Rxb7 16. Qg4 g6 17. Rad1 Qc8 18. Rd2 f6 19. Bc3 c6 20. Rfd1 e5 21.
Qxc8 Rxc8 22. g4 Kf7 23. Rd7 Rcc7 24. Rxc7 Rxc7 25. Kg2 Ke6 26. e4 b5 27. Ba5
Rd7 28. Rxd7 Kxd7 29. cxb5 cxb5 30. Bc3 Ke6 31. Kf3 Bc5 32. Ke2 a6 33. h3 Bd6
34. Kf3 Bc5 35. Ke2 Bd6 36. Kf3 Bc5 1/2-1/2

[Event "European Team Championship 2015"]
[Site "Reykjavik ISL"]
[Date "2015.11.13"]
[Round "1"]
[White "Korobov, Anton"]
[Black "Deac, Bogdan-Daniel"]
[Result "1-0"]
[WhiteElo "2709"]
[BlackElo "2440"]
[PlyCount "127"]
[EventDate "2015.11.13"]
[WhiteTeam "Ukraine"]
[BlackTeam "Romania"]

1. d4 Nf6 2. c4 e6 3. Nf3 d5 4. Nc3 c6 5. Bg5 Nbd7 6. e3 Qa5 7. Nd2 Bb4 8. Qc2
O-O 9. Be2 c5 10. Bf4 cxd4 11. exd4 dxc4 12. Nxc4 Qd8 13. a3 Bxc3+ 14. bxc3 Nb6
15. Ne5 Nbd5 16. Bg5 Qa5 17. Rc1 Nd7 18. O-O Nxe5 19. dxe5 h6 20. Bh4 Nf4 21.
Qe4 Nxe2+ 22. Qxe2 b6 23. Rfe1 Bb7 24. Qg4 Kh7 25. Re3 Qxa3 26. Rd1 Rac8 27. c4
Qa2 28. Rc3 Qb2 29. Qd4 Qb4 30. h3 Rg8 31. Qd3+ Kh8 32. Rcc1 Qc5 33. Qe2 a6 34.
Kh2 b5 35. f3 bxc4 36. Rd7 Rc7 37. Rxc7 Qxc7 38. Rxc4 Qd7 39. Qe3 Kh7 40. Rd4
Qc7 41. Qd3+ Kh8 42. Rd7 Qxe5+ 43. Bg3 Qb2 44. Rxf7 Bd5 45. Qe3 Qc2 46. Be5 Qg6
47. Qa7 Kh7 48. Qc7 a5 49. Rf4 h5 50. h4 a4 51. Rf6 Rc8 52. Qd7 Rd8 53. Qxd8
gxf6 54. Bxf6 Qg8 55. Qc7+ Kg6 56. Bb2 Qf7 57. Qg3+ Kh7 58. Qe5 Kg6 59. Bd4 Qe7
60. Kg1 a3 61. g4 hxg4 62. h5+ Kh6 63. Qh8+ Kg5 64. f4+ 1-0

[Event "European Team Championship 2015"]
[Site "Reykjavik ISL"]
[Date "2015.11.13"]
[Round "1"]
[White "Beliavsky, Alexander G"]
[Black "Radjabov, Teimour"]
[Result "1/2-1/2"]
[WhiteElo "2622"]
[BlackElo "2739"]
[PlyCount "57"]
[EventDate "2015.11.13"]
[WhiteTeam "Slovenia"]
[BlackTeam "Azerbaijan"]

1. d4 Nf6 2. c4 g6 3. Nc3 d5 4. cxd5 Nxd5 5. g3 Bg7 6. Bg2 Nxc3 7. bxc3 c5 8.
Nf3 cxd4 9. cxd4 Nc6 10. O-O Nxd4 11. Nxd4 Qxd4 12. Rb1 O-O 13. Qxd4 Bxd4 14.
Bh6 Rd8 15. Bxb7 Rb8 16. Bxc8 Rbxc8 17. Rb7 Bc5 18. Rc1 f6 19. Be3 Bxe3 20.
Rxc8 Rxc8 21. fxe3 Rc2 22. Rxa7 Rxe2 23. Rxe7 Rxa2 24. h4 h5 25. Kf1 Kf8 26.
Rb7 Kg8 27. Re7 Kf8 28. Rb7 Kg8 29. Re7 1/2-1/2

[Event "European Team Championship 2015"]
[Site "Reykjavik ISL"]
[Date "2015.11.13"]
[Round "1"]
[White "Vachier-Lagrave, Maxime"]
[Black "Grandelius, Nils"]
[Result "1/2-1/2"]
[WhiteElo "2765"]
[BlackElo "2644"]
[PlyCount "54"]
[EventDate "2015.11.13"]
[WhiteTeam "France"]
[BlackTeam "Sweden"]

1. e4 e5 2. Nf3 Nc6 3. Bb5 a6 4. Ba4 Nf6 5. O-O Be7 6. Re1 b5 7. Bb3 d6 8. c3
O-O 9. h3 Na5 10. Bc2 c5 11. d4 Qc7 12. Nbd2 Bd7 13. Nf1 Nc4 14. b3 Nb6 15. Ne3
c4 16. Ba3 Rfe8 17. Qd2 Bf8 18. Rad1 cxb3 19. axb3 a5 20. dxe5 dxe5 21. Bxf8
Kxf8 22. Qd6+ Qxd6 23. Rxd6 Nc8 24. Rdd1 Nb6 25. Rd6 Nc8 26. Rdd1 Nb6 27. Rd6
Nc8 1/2-1/2

[Event "European Team Championship 2015"]
[Site "Reykjavik ISL"]
[Date "2015.11.13"]
[Round "1"]
[White "Berg, Emanuel"]
[Black "Fressinet, Laurent"]
[Result "0-1"]
[WhiteElo "2575"]
[BlackElo "2712"]
[PlyCount "114"]
[EventDate "2015.11.13"]
[WhiteTeam "Sweden"]
[BlackTeam "France"]

1. e4 e5 2. Nf3 Nc6 3. Bb5 Nf6 4. O-O Nxe4 5. d4 Nd6 6. Ba4 exd4 7. c3 Be7 8.
cxd4 b5 9. Bb3 Na5 10. Bc2 Bb7 11. Re1 O-O 12. Nc3 f5 13. Bf4 a6 14. Qe2 Re8
15. Ne5 Bg5 16. Qe3 Bf6 17. Qh3 Re6 18. Re3 g6 19. Rae1 Nac4 20. Bb3 Nxe3 21.
Rxe3 Nc4 22. Nxc4 bxc4 23. Bxc4 Bxd4 24. Bxe6+ dxe6 25. Rd3 c5 26. Ne2 Qa5 27.
Rd2 Qxa2 28. Rd1 Rd8 29. Qh4 Qd5 30. Qg5 Bf6 31. Rxd5 Bxg5 32. Rxd8+ Bxd8 33.
Be5 Kf7 34. f4 g5 35. g3 Bf6 36. Nc1 gxf4 37. gxf4 c4 38. Kf2 Bd8 39. Ke3 h5
40. Ne2 Bd5 41. Nc3 h4 42. Bd4 Kg6 43. Nd1 Kh5 44. Nf2 a5 45. Nd1 a4 46. Nf2
Be7 47. Ke2 Bb4 48. Ke3 Bd6 49. Nd1 Bb4 50. Nf2 c3 51. bxc3 Bd6 52. Nd3 a3 53.
c4 Bxc4 54. Ne5 Bd5 55. Kf2 a2 56. Ke2 Bc5 57. Bb2 h3 0-1

[Event "European Team Championship 2015"]
[Site "Reykjavik ISL"]
[Date "2015.11.13"]
[Round "1"]
[White "Aronian, Levon"]
[Black "Stefansson, Hannes"]
[Result "1-0"]
[WhiteElo "2781"]
[BlackElo "2602"]
[PlyCount "77"]
[EventDate "2015.11.13"]
[WhiteTeam "Armenia"]
[BlackTeam "Iceland"]

1. c4 e5 2. Nc3 Nf6 3. Nf3 Nc6 4. g3 Nd4 5. Bg2 Nxf3+ 6. Bxf3 Bc5 7. Na4 Be7 8.
d4 d6 9. O-O O-O 10. Nc3 c6 11. Bg2 Qb6 12. d5 Bd7 13. b3 cxd5 14. Nxd5 Nxd5
15. Bxd5 Bc6 16. Qd3 Rac8 17. Rd1 a6 18. h4 Bxd5 19. Qxd5 Qc6 20. a4 Rfd8 21.
Qd3 Rb8 22. e4 Qd7 23. Qf3 Qe6 24. Ra2 g6 25. Rd5 Rd7 26. Bh6 Rc7 27. Kg2 Rc5
28. Rd1 Rc6 29. Rad2 b5 30. cxb5 axb5 31. a5 Ra8 32. Ra2 Rca6 33. Bd2 f5 34.
exf5 gxf5 35. Bb4 e4 36. Qe3 Bf6 37. Rc2 d5 38. Rc7 Be5 39. Re7 1-0

[Event "European Team Championship 2015"]
[Site "Reykjavik ISL"]
[Date "2015.11.13"]
[Round "1"]
[White "Bologan, Viktor"]
[Black "Leko, Peter"]
[Result "1-0"]
[WhiteElo "2630"]
[BlackElo "2708"]
[PlyCount "148"]
[EventDate "2015.11.13"]
[WhiteTeam "Moldova"]
[BlackTeam "Hungrary"]

1. e4 e5 2. Nf3 Nc6 3. Bb5 Nf6 4. O-O Nxe4 5. d4 Nd6 6. Bxc6 dxc6 7. dxe5 Nf5
8. Qxd8+ Kxd8 9. Rd1+ Ke8 10. Nc3 Ne7 11. h3 Ng6 12. b3 Be7 13. Bb2 h5 14. Ne4
a5 15. Re1 Kf8 16. Rad1 h4 17. Nd6 Rh5 18. Nxc8 Rxc8 19. Re4 Rd8 20. Rxd8+ Bxd8
21. Kf1 c5 22. Rg4 Ke7 23. Ng5 f5 24. exf6+ gxf6 25. Re4+ Kd7 26. Ne6 Be7 27.
Ng7 Rh7 28. Nf5 Bd8 29. Ke2 Rh5 30. Rg4 Rxf5 31. Rxg6 Ke6 32. Rh6 Rg5 33. Kf1
Rd5 34. Rxh4 Rd2 35. Re4+ Kf7 36. Re2 Rd1+ 37. Re1 Rd2 38. Rc1 c4 39. bxc4 Be7
40. Bc3 Rd6 41. Re1 Rc6 42. Re4 a4 43. Ke2 a3 44. g4 Rb6 45. Rd4 Bd6 46. Rd5
Rb1 47. Rf5 Be7 48. g5 Kg6 49. gxf6 Bd6 50. Rf3 Kf7 51. Rd3 Rc1 52. c5 Bf8 53.
Rd2 Ke6 54. Bd4 Bh6 55. Be3 Bxe3 56. fxe3 Kxf6 57. Kd3 Rh1 58. Kc4 Ke6 59. Rd3
Rxh3 60. Rxa3 Kd7 61. Kb5 Rh5 62. Rd3+ Kc8 63. a4 b6 64. Rc3 Re5 65. a5 bxc5
66. Kc6 c4 67. Ra3 c3 68. a6 Kb8 69. a7+ Ka8 70. Rxc3 Re7 71. Ra3 Re6+ 72. Kd5
Rd6+ 73. Ke4 Rd2 74. c4 c6 1-0

[Event "European Team Championship 2015"]
[Site "Reykjavik ISL"]
[Date "2015.11.13"]
[Round "1"]
[White "Rapport, Richard"]
[Black "Svetushkin, Dmitry"]
[Result "1-0"]
[WhiteElo "2693"]
[BlackElo "2585"]
[PlyCount "67"]
[EventDate "2015.11.13"]
[WhiteTeam "Hungrary"]
[BlackTeam "Moldova"]

1. Nf3 d5 2. g3 c6 3. Bg2 Bf5 4. c4 dxc4 5. Na3 e5 6. Nxc4 e4 7. Nfe5 Be6 8.
Qc2 f6 9. Ng4 f5 10. Nge3 Nf6 11. O-O Na6 12. a3 Bc5 13. Rd1 O-O 14. d3 Qe8 15.
dxe4 fxe4 16. b4 Bxe3 17. Nxe3 Qf7 18. Rf1 Nc7 19. Bb2 Ncd5 20. Nxd5 cxd5 21.
Rac1 Qh5 22. f3 Rae8 23. Qd2 Bd7 24. fxe4 Nxe4 25. Rxf8+ Kxf8 26. Qd4 Re7 27.
Bf3 Qg5 28. Qxa7 Nd2 29. Qb8+ Kf7 30. Rc3 d4 31. Rd3 Bb5 32. h4 Qh6 33. Bd5+
Kg6 34. Qd6+ 1-0

[Event "European Team Championship 2015"]
[Site "Reykjavik ISL"]
[Date "2015.11.13"]
[Round "1"]
[White "Olafsson, Helgi"]
[Black "Giri, Anish"]
[Result "0-1"]
[WhiteElo "2549"]
[BlackElo "2778"]
[PlyCount "76"]
[EventDate "2015.11.13"]
[WhiteTeam "Iceland Legends"]
[BlackTeam "Netherlands"]

1. d4 Nf6 2. c4 g6 3. Nc3 d5 4. Nf3 Bg7 5. Bf4 O-O 6. Rc1 Be6 7. e3 c6 8. Ng5
Bg4 9. Qb3 Nh5 10. h3 Bc8 11. Be5 Bxe5 12. dxe5 d4 13. Rd1 c5 14. Be2 Nc6 15.
O-O Ng7 16. Qb5 Bd7 17. exd4 cxd4 18. Bg4 a6 19. Qc5 b6 20. Qa3 e6 21. Nce4
Nxe5 22. Rxd4 f5 23. Qd6 Nc6 24. Rd2 Ra7 25. Rfd1 Qe8 26. b4 h6 27. b5 axb5 28.
cxb5 hxg5 29. bxc6 Bxc6 30. Nxg5 fxg4 31. hxg4 Ra5 32. Qc7 Rxg5 33. Rd8 Qf7 34.
Rxf8+ Qxf8 35. Qxc6 Rxg4 36. Qxb6 Qf3 37. Rd8+ Kh7 38. g3 Rc4 0-1

[Event "European Team Championship 2015"]
[Site "Reykjavik ISL"]
[Date "2015.11.13"]
[Round "1"]
[White "Navara, David"]
[Black "Hansen, Sune Berg"]
[Result "0-1"]
[WhiteElo "2730"]
[BlackElo "2566"]
[PlyCount "94"]
[EventDate "2015.11.13"]
[WhiteTeam "Czech Republic"]
[BlackTeam "Denmark"]

1. d4 Nf6 2. c4 e6 3. Nf3 d5 4. Nc3 Nbd7 5. cxd5 exd5 6. Bg5 Be7 7. e3 c6 8.
Qc2 O-O 9. Bd3 Re8 10. O-O Nf8 11. h3 g6 12. Rab1 Ne6 13. Bh4 Ng7 14. b4 a6 15.
a4 Bf5 16. b5 axb5 17. axb5 Bxd3 18. Qxd3 Nf5 19. Bxf6 Bxf6 20. Qc2 Nd6 21. Nd2
Nf5 22. bxc6 bxc6 23. Na4 Bxd4 24. exd4 Nxd4 25. Qd1 Qa5 26. Ra1 Qb4 27. Nf3
Nxf3+ 28. gxf3 Re5 29. f4 Qxf4 30. Kh1 Qe4+ 31. Kh2 Qf4+ 32. Kh1 d4 33. Rg1
Qxf2 34. Rf1 Qe3 35. Rf3 Qe4 36. Raa3 Rb8 37. Ra1 c5 38. Kh2 c4 39. Qf1 Qd5 40.
Ra2 Rbe8 41. Rf6 d3 42. Nc3 Qd4 43. Rxf7 Qxc3 44. Raa7 Re2+ 45. Kg3 d2+ 46. Qf3
Qxf3+ 47. Kxf3 R2e7 0-1

[Event "European Team Championship 2015"]
[Site "Reykjavik ISL"]
[Date "2015.11.14"]
[Round "2"]
[White "Aronian, Levon"]
[Black "Vachier-Lagrave, Maxime"]
[Result "0-1"]
[WhiteElo "2781"]
[BlackElo "2765"]
[PlyCount "164"]
[EventDate "2015.11.13"]
[WhiteTeam "Armenia"]
[BlackTeam "France"]

1. d4 Nf6 2. Nf3 g6 3. Bg5 Bg7 4. c3 d6 5. Nbd2 O-O 6. e4 c5 7. d5 h6 8. Bh4 e6
9. dxe6 Bxe6 10. Be2 Nc6 11. O-O Qc7 12. Re1 Rfe8 13. Qc2 a6 14. Nf1 d5 15. Bg3
Qb6 16. exd5 Nxd5 17. Rad1 Bf5 18. Qc1 Rad8 19. N1d2 Na5 20. h3 Qc6 21. Nh4 Bc8
22. Qc2 b5 23. Bf1 Rxe1 24. Rxe1 Re8 25. Rxe8+ Qxe8 26. Ne4 Nb7 27. Qd3 Be6 28.
Nf3 Bf5 29. Qxd5 Qxe4 30. Qxe4 Bxe4 31. Nd2 Bc6 32. Bd3 c4 33. Bc2 f5 34. f3
Kf7 35. Kf1 Ke6 36. Ke2 Nc5 37. Bf2 Nb7 38. a3 Nd6 39. Bb6 Bf6 40. Nf1 Nc8 41.
Bc5 Ne7 42. Ne3 h5 43. Bb1 h4 44. Nc2 Nd5 45. Bd4 Bg5 46. Ne3 Nf4+ 47. Kf1 Nd3
48. Bxd3 cxd3 49. Ke1 Bd5 50. Kd2 Bc4 51. Bb6 Kd7 52. b4 Bf4 53. Bd4 Ke6 54.
Bb6 g5 55. Bd4 g4 56. hxg4 fxg4 57. fxg4 Bg5 58. Ke1 Bb3 59. Kd2 Bc4 60. Ke1
Bd5 61. Kf2 d2 62. Nd1 Bb3 63. Ke2 Bc4+ 64. Kf2 Bb3 65. Ke2 Kf7 66. Nb2 Kg6 67.
c4 bxc4 68. Bc3 Bf4 69. Bxd2 Kg5 70. Nd1 Kxg4 71. Ne3+ Kh5 72. Nd5 Be5 73. Bc3
Bh2 74. Nf6+ Kg6 75. Ne4 Ba4 76. Nd2 Kf5 77. Nf3 Bg3 78. Be1 Kg4 79. Bxg3 Kxg3
80. Kd2 Bc6 81. Nxh4 Kxh4 82. Kc3 Bb5 0-1

[Event "European Team Championship 2015"]
[Site "Reykjavik ISL"]
[Date "2015.11.14"]
[Round "2"]
[White "Fressinet, Laurent"]
[Black "Sargissian, Gabriel"]
[Result "1/2-1/2"]
[WhiteElo "2712"]
[BlackElo "2689"]
[PlyCount "150"]
[EventDate "2015.11.13"]
[WhiteTeam "France"]
[BlackTeam "Armenia"]

1. e4 e5 2. Nf3 Nc6 3. Bb5 a6 4. Ba4 Nf6 5. O-O Be7 6. Re1 b5 7. Bb3 O-O 8. d3
d6 9. c3 Na5 10. Bc2 c5 11. Nbd2 Nc6 12. Nf1 Be6 13. Ne3 h6 14. h3 Re8 15. a4
b4 16. Bb3 Rb8 17. Bc4 Qc8 18. Nh2 bxc3 19. bxc3 Na5 20. Bxe6 fxe6 21. Nhg4 Rf8
22. Nxf6+ Bxf6 23. Nc4 Qc7 24. Qg4 Kf7 25. Qh5+ Ke7 26. Ne3 Qc6 27. Ng4 Nb3 28.
Ra2 Nxc1 29. Rxc1 Bg5 30. Ne3 c4 31. Qe2 Rb3 32. Rcc2 cxd3 33. Qxd3 Rc8 34. Kh2
a5 35. Rab2 Qxa4 36. Qa6 Rxb2 37. Rxb2 Rc7 38. Qa8 Bf4+ 39. g3 Bxe3 40. fxe3
Qe8 41. Qxa5 Qc6 42. Rb3 Kf7 43. h4 Kg6 44. Qb6 Qxb6 45. Rxb6 Rxc3 46. Rxd6 Kf6
47. Ra6 Rxe3 48. Ra4 Re2+ 49. Kg1 Rd2 50. Ra3 Rd4 51. Re3 g5 52. Kf2 g4 53. Re2
Ra4 54. Ke3 Ra3+ 55. Kf2 h5 56. Rb2 Rf3+ 57. Kg2 Re3 58. Rb4 Re2+ 59. Kf1 Rd2
60. Rb8 Rd4 61. Rh8 Rxe4 62. Rh6+ Kf7 63. Rxh5 Re3 64. Kg2 Kf6 65. Rg5 Re4 66.
Kf2 Ra4 67. Ke3 Rb4 68. Ke2 Ra4 69. Ke3 Ra3+ 70. Kf2 Rf3+ 71. Kg2 e4 72. Rxg4
Ke5 73. h5 Rf8 74. h6 Rh8 75. Rh4 Kf5 1/2-1/2

[Event "European Team Championship 2015"]
[Site "Reykjavik ISL"]
[Date "2015.11.14"]
[Round "2"]
[White "Adams, Michael"]
[Black "Jobava, Baadur"]
[Result "1/2-1/2"]
[WhiteElo "2744"]
[BlackElo "2668"]
[PlyCount "157"]
[EventDate "2015.11.13"]
[WhiteTeam "England"]
[BlackTeam "Georgia"]

1. e4 c6 2. d4 d5 3. e5 c5 4. Nf3 cxd4 5. Nxd4 Nc6 6. c4 e6 7. Nc3 Bb4 8. cxd5
Qxd5 9. Nxc6 bxc6 10. Qe2 Ne7 11. Bd2 Bxc3 12. Bxc3 a5 13. Rd1 Qxa2 14. Qg4 O-O
15. Bc4 Qa4 16. O-O Ba6 17. b3 Qa2 18. Rd2 Qa3 19. Ra1 Qc5 20. Rxa5 Bb5 21.
Rda2 Rxa5 22. Rxa5 Rd8 23. h4 h6 24. h5 Nf5 25. Qf3 Qe7 26. Bxb5 cxb5 27. Ra8
Qe8 28. Ra7 Rd5 29. Kh2 Qb8 30. Ra5 Ne7 31. Ra6 Rd8 32. g3 Nd5 33. Bd4 Qc8 34.
Rd6 Re8 35. Qd3 Qb7 36. Bc5 b4 37. Be3 Rc8 38. Bd2 Qa7 39. Kg2 Qa1 40. Qe4 Qd1
41. Bxb4 Qxh5 42. Bc5 g5 43. b4 g4 44. Rd7 Kg7 45. Be3 Qg6 46. Qxg6+ Kxg6 47.
Bc5 h5 48. Ra7 Nc3 49. Rd7 Ne4 50. Ba7 Rc1 51. Be3 Rb1 52. Rb7 Nc3 53. Bc5 Ne2
54. Rb8 Ng1 55. Rg8+ Kf5 56. Rf8 Nf3 57. Rxf7+ Kxe5 58. Rxf3 gxf3+ 59. Kxf3
Rb3+ 60. Kg2 Ke4 61. Kh3 Kf5 62. Be7 e5 63. Kh4 Rb2 64. Bc5 Rb1 65. Kh3 e4 66.
Be7 Rd1 67. Bc5 Rc1 68. Be7 Rc2 69. Bc5 Rc4 70. Be7 Rc7 71. Bc5 Rd7 72. Be3 Rd5
73. Bb6 Rd1 74. Bc5 Re1 75. b5 Rh1+ 76. Kg2 Rb1 77. b6 Kg4 78. Be3 Rb3 79. Bd4
1/2-1/2

[Event "European Team Championship 2015"]
[Site "Reykjavik ISL"]
[Date "2015.11.14"]
[Round "2"]
[White "Giri, Anish"]
[Black "Saric, Ivan"]
[Result "1/2-1/2"]
[WhiteElo "2778"]
[BlackElo "2652"]
[PlyCount "87"]
[EventDate "2015.11.13"]
[WhiteTeam "Netherlands"]
[BlackTeam "Croatia"]

1. c4 g6 2. d4 Nf6 3. g3 c6 4. Nf3 Bg7 5. Bg2 d5 6. b3 O-O 7. Bb2 a5 8. O-O Bf5
9. e3 Ne4 10. Nh4 Be6 11. Qc2 Qd7 12. Bxe4 dxe4 13. Nc3 Bh3 14. Ng2 f5 15. Na4
Qc7 16. Nc5 Bxg2 17. Kxg2 Qc8 18. f3 b6 19. Na4 exf3+ 20. Rxf3 Nd7 21. e4 b5
22. Nc3 e6 23. Rd1 Qb7 24. Qe2 Rab8 25. Bc1 Rfe8 26. Rff1 bxc4 27. Qxc4 c5 28.
dxc5 Nxc5 29. Qxc5 Rec8 30. Qd6 Rc6 31. Qd7 Bxc3 32. Qxb7 Rxb7 33. exf5 gxf5
34. g4 Rg7 35. Rd8+ Kf7 36. Rd7+ Kg6 37. gxf5+ exf5 38. Rd5 Rf7 39. Kh3 h6 40.
Bf4 Bb4 41. Be5 Rc5 42. Rd6+ Kh7 43. Re6 Rc2 44. Re8 1/2-1/2

[Event "European Team Championship 2015"]
[Site "Reykjavik ISL"]
[Date "2015.11.14"]
[Round "2"]
[White "Svidler, Peter"]
[Black "Papaioannou, Ioannis"]
[Result "1-0"]
[WhiteElo "2745"]
[BlackElo "2638"]
[PlyCount "75"]
[EventDate "2015.11.13"]
[WhiteTeam "Russia"]
[BlackTeam "Greece"]

1. e4 c5 2. Nf3 d6 3. Bb5+ Nd7 4. O-O a6 5. Bd3 Ngf6 6. Re1 g6 7. c3 Bg7 8. Bc2
b5 9. d4 cxd4 10. cxd4 Bb7 11. Nc3 O-O 12. h3 Nb6 13. a3 Rc8 14. Qe2 e6 15. Bd3
Nh5 16. a4 b4 17. a5 bxc3 18. axb6 c2 19. Bxc2 Qxb6 20. Bd3 Bxd4 21. Nxd4 Qxd4
22. Bh6 Rfe8 23. Bxa6 Bxa6 24. Rxa6 Rb8 25. Bc1 Rec8 26. Qf3 Rc2 27. Rd1 Qe5
28. Be3 Rc4 29. Raxd6 Rxe4 30. R6d4 Rxd4 31. Bxd4 Qb5 32. Bc3 Qg5 33. g4 Ng7
34. Rd7 Rf8 35. Bb4 Nf5 36. Bxf8 Kxf8 37. Qc3 Kg8 38. f4 1-0

[Event "European Team Championship 2015"]
[Site "Reykjavik ISL"]
[Date "2015.11.14"]
[Round "2"]
[White "Banikas, Hristos"]
[Black "Tomashevsky, Evgeny"]
[Result "1/2-1/2"]
[WhiteElo "2609"]
[BlackElo "2743"]
[PlyCount "70"]
[EventDate "2015.11.13"]
[WhiteTeam "Greece"]
[BlackTeam "Russia"]

1. Nf3 Nf6 2. c4 c5 3. Nc3 e6 4. g3 b6 5. Bg2 Bb7 6. O-O Be7 7. d4 cxd4 8. Qxd4
O-O 9. Rd1 Qc8 10. Bf4 Rd8 11. Bxb8 Rxb8 12. Rac1 a6 13. Qd3 Qc7 14. Nd4 Rdc8
15. b3 Bxg2 16. Kxg2 Qb7+ 17. f3 Rc7 18. e4 g6 19. Rc2 d6 20. Qe3 b5 21. cxb5
axb5 22. Rdc1 b4 23. Na4 Rbc8 24. Rxc7 Rxc7 25. Rxc7 Qxc7 26. Qe2 d5 27. e5 Nd7
28. f4 Qc1 29. Qc2 Qe3 30. Qc8+ Nf8 31. Nc6 Qe2+ 32. Kg1 Qe1+ 33. Kg2 Qe2+ 34.
Kg1 Qe3+ 35. Kg2 Qe2+ 1/2-1/2

[Event "European Team Championship 2015"]
[Site "Reykjavik ISL"]
[Date "2015.11.14"]
[Round "2"]
[White "Nepomniachtchi, Ian"]
[Black "Mastrovasilis, Dimitrios"]
[Result "1/2-1/2"]
[WhiteElo "2705"]
[BlackElo "2615"]
[PlyCount "107"]
[EventDate "2015.11.13"]
[WhiteTeam "Russia"]
[BlackTeam "Greece"]

1. c4 c6 2. Nf3 d5 3. e3 Nf6 4. Nc3 e6 5. b3 Bd6 6. Bb2 O-O 7. d4 Nbd7 8. Bd3
e5 9. cxd5 cxd5 10. dxe5 Nxe5 11. Be2 Nxf3+ 12. Bxf3 Be6 13. O-O Qb8 14. h3
Bh2+ 15. Kh1 Be5 16. Na4 Rd8 17. Bd4 Ne4 18. Rc1 Qd6 19. Nc5 Nxc5 20. Rxc5 Rac8
21. Rxc8 Rxc8 22. Bxe5 Qxe5 23. Qd2 Qc3 24. Rd1 Qxd2 25. Rxd2 Kf8 26. Bxd5 Rd8
27. e4 Bxd5 28. exd5 Ke7 29. Kh2 Kd6 30. Kg3 Re8 31. f4 Re3+ 32. Kg4 a5 33. h4
h6 34. h5 b5 35. Kf5 b4 36. g4 Rg3 37. g5 Rh3 38. Kg4 Rh1 39. g6 f5+ 40. Kxf5
Rxh5+ 41. Ke4 Rh3 42. Re2 Rh5 43. Rd2 Rh3 44. Rg2 Rh5 45. Rc2 Rxd5 46. Rc8 Rb5
47. Rg8 Ke7 48. f5 Kf6 49. Rf8+ Kg5 50. Rf7 h5 51. Rxg7 Rxf5 52. Rf7 Rf6 53. g7
Rg6 54. Kf3 1/2-1/2

[Event "European Team Championship 2015"]
[Site "Reykjavik ISL"]
[Date "2015.11.14"]
[Round "2"]
[White "Nikolaidis, Ioannis"]
[Black "Jakovenko, Dmitry"]
[Result "0-1"]
[WhiteElo "2563"]
[BlackElo "2735"]
[PlyCount "86"]
[EventDate "2015.11.13"]
[WhiteTeam "Greece"]
[BlackTeam "Russia"]

1. d4 Nf6 2. Nf3 e6 3. e3 b6 4. Bd3 Bb7 5. O-O d5 6. c4 Bd6 7. Nc3 O-O 8. b3
Nbd7 9. Bb2 a6 10. Rc1 Ne4 11. Ne2 Qf6 12. Ng3 Qe7 13. cxd5 Nxg3 14. hxg3 exd5
15. Ne5 Nf6 16. f4 Ne4 17. Bxe4 dxe4 18. g4 f6 19. Nc4 Bd5 20. Qe1 a5 21. Qh4
Bb4 22. Bc3 b5 23. Nd2 Bd6 24. Rc2 a4 25. Rb1 c6 26. Nf1 axb3 27. axb3 Ra3 28.
Rcb2 Qf7 29. Qe1 Qe7 30. Qd1 Rfa8 31. Be1 Ra2 32. Ng3 Qd7 33. f5 Rxb2 34. Rxb2
Ra3 35. Ne2 Qf7 36. Bg3 Rxb3 37. Rxb3 Bxb3 38. Qc1 Qc7 39. Bxd6 Qxd6 40. Nf4 b4
41. Qa1 Qb8 42. g5 fxg5 43. Ne6 Bd5 0-1

[Event "European Team Championship 2015"]
[Site "Reykjavik ISL"]
[Date "2015.11.14"]
[Round "2"]
[White "Djukic, Nikola"]
[Black "Ivanchuk, Vassily"]
[Result "1/2-1/2"]
[WhiteElo "2553"]
[BlackElo "2720"]
[PlyCount "108"]
[EventDate "2015.11.13"]
[WhiteTeam "Montenegro"]
[BlackTeam "Ukraine"]

1. e4 c5 2. Nf3 e6 3. d4 cxd4 4. Nxd4 a6 5. Nc3 d6 6. Bd3 Nf6 7. f4 b5 8. Qe2
Bb7 9. Bd2 Be7 10. a4 b4 11. Nd1 a5 12. Nf2 O-O 13. c3 bxc3 14. bxc3 Nbd7 15.
e5 Nd5 16. O-O Nc5 17. Bc2 Rc8 18. Ng4 dxe5 19. fxe5 Bg5 20. Rf3 Bxd2 21. Qxd2
f5 22. exf6 Nxf6 23. Nxf6+ Rxf6 24. Rxf6 gxf6 25. Qe2 Qd5 26. Rd1 Qe5 27. Qxe5
fxe5 28. Nb5 Be4 29. Bxe4 Nxe4 30. Rd7 Rc4 31. Nd6 Nxd6 32. Rxd6 Kf7 33. Rd7+
Kg6 34. Re7 Rxa4 35. Kf2 Ra2+ 36. Kf3 Rc2 37. Ke4 Kf6 38. Rxh7 Rxg2 39. Ra7
Rg4+ 40. Kd3 Ra4 41. c4 Ra3+ 42. Ke4 Rc3 43. Rxa5 Rxc4+ 44. Kd3 Rh4 45. Ra2 e4+
46. Kd4 Rf4 47. Ke3 Rg4 48. Ra5 Rh4 49. Rb5 e5 50. Rb8 Kf5 51. Rf8+ Ke6 52.
Re8+ Kd6 53. Rd8+ Ke7 54. Ra8 Ke6 1/2-1/2